| 000 | 00682cam a2200229 4500 | ||
|---|---|---|---|
| 001 | J825 | ||
| 008 | 090401t1992 xxu||||| |||| 00| 0 eng d | ||
| 035 | _a(Sirsi) u76924 | ||
| 041 | _aeng | ||
| 050 | _a338.4769 | ||
| 100 | _aLow, Sui Pheng | ||
| 245 | 4 | _aThe just-in-time concept to improving manufacturing productivity: is it applicable to the construction industry? | |
| 260 |
_aAscot, Berks. _bChartered Institute of Building _c1992 |
||
| 300 | _a8p. ; 30cm. | ||
| 350 | _a0 | ||
| 490 |
_aConstruction Papers _v8 |
||
| 650 | _aBUILDING INDUSTRY | ||
| 690 | _aBUILT ENVIRONMENT | ||
| 710 |
_aChartered Institute of Building _92134 |
||
| 942 | _n0 | ||
| 948 | _c04/03/1997 | ||
| 999 |
_c96262 _d96262 |
||